书目信息 |
| 题名: |
材料成型基础
|
|
| 作者: | 沈其文 主编 | |
| 分册: | ||
| 出版信息: | 武汉 华中理工大学出版社 1999.09 |
|
| 页数: | 350页 | |
| 开本: | 16开 | |
| 丛书名: | ||
| 单 册: | ||
| 中图分类: | TH14 | |
| 科图分类: | ||
| 主题词: | 机械制造材料 | |
| 电子资源: | ||
| ISBN: | 7-5609-1970-7 | |
| 000 | 00552nam0 2200193 45 | |
| 001 | 0008161087 | |
| 005 | 20100909011028.9 | |
| 010 | @a7-5609-1970-7@d26.80元 | |
| 100 | @a20000816d1999 km y0chiy0120 ea | |
| 101 | 0 | @achi |
| 105 | @a z 000yy | |
| 200 | 1 | @a材料成型基础@ACai Liao Cheng Xing Ji Chu@f沈其文主编@FShen Qi Wen Zhu Bian |
| 210 | @a武汉@c华中理工大学出版社@d1999.09 | |
| 215 | @a350页@d16开 | |
| 606 | 0 | @a机械制造材料 |
| 690 | @aTH14@v3 | |
| 701 | 0 | @a沈其文@4主编 |
| 801 | @aCN@bPftUser@c20000816 | |
| 905 | @dTH14@eSH870@b135049-051@f3 | |
| 材料成型基础/沈其文主编.-武汉:华中理工大学出版社,1999.09 |
| 350页;16开 |
| ISBN 7-5609-1970-7:26.80元 |
| ● |
| 相关链接 |
|
|
|
正题名:材料成型基础
索取号:TH14/SH870
 
预约/预借
| 序号 | 登录号 | 条形码 | 馆藏地/架位号 | 状态 | 备注 |
| 1 | 135049 | 201350493 | 自科二线504/504自科库 8排4列1层/ [索取号:TH14/SH870] | 在馆 | |
| 2 | 135050 | 201350509 | 自科二线504/504自科库 8排4列1层/ [索取号:TH14/SH870] | 在馆 | |
| 3 | 135051 | 201350518 | 自科库501/501自科库 38排1列2层/ [索取号:TH14/SH870] | 在馆 |